| 000 | 00621nam a2200193Ia 4500 | ||
|---|---|---|---|
| 003 | IN-BaIIA | ||
| 008 | 211028s9999 xx 000 0 eng d | ||
| 040 | _cIIA Library | ||
| 080 |
_a059:52 _bAMP-75 |
||
| 110 |
_aUnited States. Department of Navy _97825 |
||
| 245 | 4 |
_aThe American ephemeris and nautical almanac for the year 1974 _cDepartment of Navy |
|
| 260 |
_aWashington _bU. S. Government Printing Office _c1974 |
||
| 300 | _avii, 562p. | ||
| 500 | _aIn India distrubuted by K Krishnamurthy, Madras | ||
| 650 | _aAlmanacs | ||
| 650 | _aAstronomy and Astrophysics Thesaurus | ||
| 650 | _aEphemeris | ||
| 942 | _cBK | ||
| 999 |
_c4484 _d4484 |
||